Dictionnaire du franais langue etrangere; niveau 1 /
Guardado en:
| Formato: | Libro |
|---|---|
| Publicado: |
Francia :
Larousse,
1978
|
| Materias: | |
| Etiquetas: |
Agregar Etiqueta
Sin Etiquetas, Sea el primero en etiquetar este registro!
|
| LEADER | 00449nam a22001575a 4500 | ||
|---|---|---|---|
| 001 | CEM.cems003728 | ||
| 005 | 19000101000000.0 | ||
| 008 | 130507s1978##################000#0#####d | ||
| 003 | CEMS | ||
| 082 | 0 | 4 | |a C443 |
| 245 | 0 | 0 | |a Dictionnaire du franais langue etrangere; niveau 1 / |
| 260 | |a Francia : |b Larousse, |c 1978 | ||
| 300 | |a 910 p. | ||
| 653 | |a Diccionarios | ||
| 653 | |a Frances-diccionario | ||
| 859 | |a CEMS |b BIB. CEMS - 11 de abril |h C443 |i L328 |p 16818.92 |t Ej.1 | ||
